Macroeconomía

Saved in:
Bibliografiske detaljer
Main Authors: Dornbusch, Rudiger (Author), Fischer, Stanley (Author), Startz, Richard (Author)
Format: Bog
Sprog:spansk
Udgivet: Madrid McGraw Hill 1998
Udgivelse:7a. ed
Fag:
Tags: Tilføj Tag
Ingen Tags, Vær først til at tagge denne postø!

MARC

LEADER 00000cam a2200000 a 4500
001 UCP7813
003 CL-VaPUC
008 991223e19980000SP |||||||||||||||||spa|d
020 |a 8448120558 
082 0 4 |a 339  |b DOR  |2 21 
100 0 |a Dornbusch, Rudiger  |e author  |9 437404 
700 0 |a Fischer, Stanley  |e author  |9 437405 
700 0 |a Startz, Richard  |e author  |9 437406 
245 1 0 |a Macroeconomía 
250 |a 7a. ed 
300 |a 383 p 
942 |c BK 
945 |d 19991223 00:00:00  |a vberengu 
260 |a Madrid  |b McGraw Hill  |c 1998 
650 0 |a Contabilidad   |9 261430 
650 7 |a CONTABILIDAD NACIONAL  |2 CL-VaPUC  |9 437407 
650 0 |a Economía   |9 255568 
650 0 |a Inflación   |9 257218 
650 0 |a Macroeconomía   |9 260301 
650 0 |a Presupuestos  |9 262669 
583 |a last modification  |c 20170829 05:20:08  |k Rodrigo Vera 
999 |c 284857  |d 284855 
952 |0 0  |1 0  |2 ddc  |4 0  |6 339_000000000000000_DOR_1998  |7 0  |8 A  |9 329130  |a BIBING  |b BIBING  |c RES  |d 2019-11-20  |i 3587673  |o 339 DOR 1998  |p 3587673  |r 2025-01-20  |w 2019-11-20  |y BK  |k TRA 
952 |0 0  |1 0  |2 ddc  |4 0  |6 339_000000000000000_DOR_1998  |7 0  |8 A  |9 329131  |a BIBING  |b BIBING  |c RES  |d 2019-11-20  |i 3587681  |o 339 DOR 1998  |p 3587681  |r 2025-01-20  |w 2019-11-20  |y BK  |k TRA 
952 |0 0  |1 0  |2 ddc  |4 0  |6 339_000000000000000_DOR_1998  |7 0  |8 A  |9 329132  |a BIBING  |b BIBING  |c RES  |d 2019-11-20  |i 358769K  |o 339 DOR 1998  |p 358769K  |r 2025-01-20  |w 2019-11-20  |y BK  |k TRA 
952 |0 0  |1 0  |2 ddc  |4 0  |6 339_000000000000000_DOR_1998  |7 0  |8 A  |9 329133  |a BIBING  |b BIBING  |c RES  |d 2019-11-20  |i 3780805  |l 1  |o 339 DOR 1998  |p 3780805  |r 2025-01-20  |s 2022-05-06  |w 2019-11-20  |y BK  |k TRA 
952 |0 0  |1 0  |2 ddc  |4 0  |6 339_000000000000000_DOR_1998  |7 0  |8 A  |9 329134  |a BIBING  |b BIBING  |c RES  |d 2019-11-20  |i 3780813  |l 1  |o 339 DOR 1998  |p 3780813  |r 2025-01-20  |s 2022-09-28  |w 2019-11-20  |y BK  |k TRA 
952 |0 0  |1 0  |2 ddc  |4 0  |6 339_000000000000000_DOR_1998  |7 0  |8 A  |9 329135  |a BIBING  |b BIBING  |c RES  |d 2019-11-20  |i 3782190  |o 339 DOR 1998  |p 3782190  |r 2025-01-20  |w 2019-11-20  |y BK  |k TRA 
952 |0 0  |1 0  |4 0  |6 339_000000000000000_DOR_1998  |7 0  |8 A  |9 329136  |a BIBGIM  |b BIBGIM  |d 2019-11-20  |i 3784746  |o 339 DOR 1998  |p 3784746  |r 2025-01-15  |w 2019-11-20  |y BK  |k EST 
952 |0 0  |1 0  |4 0  |6 339_000000000000000_DOR_1998  |7 0  |8 A  |9 329137  |a BIBGIM  |b BIBGIM  |d 2019-11-20  |i 3784754  |l 2  |o 339 DOR 1998  |p 3784754  |r 2025-01-15  |s 2023-06-08  |w 2019-11-20  |y BK  |k EST 
952 |0 0  |1 0  |4 0  |6 339_000000000000000_DOR_1998  |7 0  |8 A  |9 329138  |a BIBGIM  |b BIBGIM  |d 2019-11-20  |i 3832236  |o 339 DOR 1998  |p 3832236  |r 2025-01-15  |w 2019-11-20  |y BK  |k GIM 
952 |0 0  |1 0  |3 erb  |4 0  |6 339_000000000000000_DOR_1998  |7 0  |8 A  |9 329139  |a BIBENE  |b BIBENE  |i 542013K  |o 339 DOR 1998  |p 542013K  |r 2025-01-15  |w 2019-11-20  |y BK  |z Catalogado en:20170831  |k ICO